Statistiques concernant Les grands événements de 1983

Cliquez ici pour prendre le quiz!

Statistiques générales

  • Ce quiz a été pris 7 fois
  • Le résultat moyen est 4 sur 15

Statistiques - réponses

HintRéponse% Correct
Mort de Louis de Funès27 janvier
67%
Naissance de Marilou Berry1er février
50%
Mort de Joan Miro25 décembre
50%
Mort de Tino Rossi26 septembre
50%
Naissance de Keen'V31 janvier
50%
Mort de Hergé3 mars
33%
Sortie de l'Eté meurtrier11 mai
17%
Indépendance de Saint-Christophe-et-Niévès19 septembre
17%
Yamoussoukro devient capitale de la Côte d'ivoire21 mars
17%
Premier vol de la navette spatiale Challenger4 avril
17%
Lech Walesa, prix Nobel de la Paix5 octobre
17%
Attaque contre l'ambassade américaine de Beyrouth - 63 morts18 avril
0%
Un Boeing sud-coréen est abattu par erreur par les Soviétiques - 269 morts1er septembre
0%
Découverte par une équipe française du virus du VIH20 mai
0%
Attentats de Beyrouth contre les soldats français et américains - 305 morts23 octobre
0%

Distribution des résultats

Percentile par nombre de réponses

% des personnes avec chaque résultat

Votre développement - résultats

Vous n’avez pas pris ce quiz